Top 100 NRL players 2024 - Statistics

General Stats
  • This quiz has been taken 507 times
  • The average score is 34 of 100
Answer Stats
Hint Answer % Correct
1- Panthers Nathan Cleary
98%
2- Sharks Nicho Hynes
81%
9- Broncos Reece Walsh
81%
5- Warriors Shaun Johnson
74%
6- Storm Cameron Munster
73%
3- Knights Kalyn Ponga
72%
4- Broncos Payne Haas
70%
14- Rabbitohs Latrell Mitchell
66%
52- Panthers Brian To'o
63%
8- Storm Harry Grant
62%
26- Broncos Adam Reynolds
61%
16- Roosters James Tedesco
59%
19- Panthers Dylan Edwards
58%
18- Bulldogs Stephen Crichton
57%
15- Sea Eagles Daly Cherry-Evans
56%
53- Panthers Jarome Luai
56%
13- Broncos Patrick Carrigan
55%
28- Eels Mitchell Moses
54%
27- Storm Jahrome Hughes
52%
10- Panthers Isaah Yeo
51%
12- Panthers James Fisher-Harris
51%
17- Rabbitohs Cody Walker
50%
11- Rabbitohs Cameron Murray
49%
7- Raiders Joseph Tapine
49%
21- Sea Eagles Tom Trbojevic
49%
29- Dragons Ben Hunt
46%
24- Panthers Liam Martin
44%
33- Cowboys Scott Drinkwater
44%
37- Broncos Ezra Mam
43%
44- Rabbitohs Jack Wighton
42%
35- Cowboys Tom Dearden
42%
59- Cowboys Valentine Holmes
41%
54- Storm Ryan Papenhuyzen
40%
31- Sea Eagles Jake Trbojevic
39%
89- Roosters Sam Walker
39%
36- Eels Dylan Brown
37%
20- Roosters Joseph Manu
37%
22- Warriors Addin Fonua-Blake
36%
67- Eels Clint Gutherson
36%
39- Dolphins Hamiso Tabuai-Fidow
36%
72- Bulldogs Matt Burton
36%
23- Titans Tino Fa'asuamaleaui
36%
38- Dolphins Herbie Farnworth
35%
51- Panthers Moses Leota
35%
49- Broncos Kotoni Staggs
34%
66- Roosters Luke Keary
34%
77- Storm Xavier Coates
34%
55- Broncos Selwyn Cobbo
33%
47- Rabbitohs Damien Cook
32%
45- Titans David Fifita
32%
76- Bulldogs Josh Addo-Carr
29%
30- Cowboys Reuben Cotter
29%
63- Roosters Brandon Smith
27%
85- Roosters Dominic Young
27%
65- Broncos Jordan Riki
26%
79- Knights Bradman Best
25%
25- Roosters Lindsay Collins
25%
99- Sharks Ronaldo Mulitalo
24%
42- Tigers Apisai Koroisau
23%
48- Cowboys Jeremiah Nanai
23%
57- Warriors Dallin Watene-Zelezniak
22%
95- Knights Dane Gagai
22%
64- Cowboys Jason Taumalolo
22%
60- Eels Junior Paulo
22%
73- Bulldogs Reed Mahoney
22%
43- Warriors Tohu Harris
22%
81- Raiders Hudson Young
21%
68- Sea Eagles Luke Brooks
21%
46- Cowboys Reece Robson
21%
84- Cowboys Murray Taulagi
20%
69- Warriors Roger Tuivasa-Sheck
20%
41- Sea Eagles Haumole Olakau'atu
19%
87- Sea Eagles Reuben Garrick
19%
34- Sharks Briton Nikora
18%
100- Sharks Cameron McInnes
18%
70- Rabbitohs Campbell Graham
18%
40- Rabbitohs Keaon Koloamatangi
18%
91- Storm Nelson Asofa-Solomona
18%
88- Bulldogs Viliame Kikau
18%
90- Storm Nick Meaney
17%
32- Eels Reagan Campbell-Gillard
17%
75- Roosters Spencer Leniu
17%
82- Rabbitohs Jai Arrow
15%
86- Tigers Jahream Bula
14%
71- Eels J'maine Hopgood
14%
50- Dolphins Tom Flegler
14%
96- Sharks Blayke Brailey
13%
56- Tigers Isaiah Papali'i
12%
61- Knights Tyson Frizell
12%
97- Knights Daniel Saifiti
11%
83- Knights Greg Marzhew
11%
62- Tigers John Bateman
11%
92- Dragons Jack De Belin
10%
74- Storm Eliesa Katoa
9%
93- Bulldogs Jacob Preston
9%
78- Knights Jacob Saifiti
9%
58- Raiders Matt Timoko
9%
94- Roosters Nat Butcher
9%
98- Dragons Jack Bird
6%
80- Titans Moeaki Fotuaika
6%
No matching quizzes found
Score Distribution
Percent of People with Each Score
Percentile by Number Answered
Your Score History
You have not taken this quiz